00688 2200193 4500001002100000005001500021035002000036245010300056110006700159250001200226300004400238260008300282082001600365084002200381020001800403600001400421008004100435990001800476PBTAN00000000000277820260430102227 a0010-04260001541 aGroundnut - A Global PersPective /cInternational Crops Rserch Institute For The Semi-Arid Tropics0 aInternational Crops Rserch Institute For The Semi-Arid Tropics apertama a539 Halaman :bIlustrasi ;c23cm x 17cm aIndia :bInternational Crops Rserch Institute For The Semi-Arid Tropics,c1992 a634.58(063) a634.58(063) INT g a92-9066-239-504aGroundnut260430 0 eng  a2026020100370